Logo BPK

Biblioteka

Politechniki Koszalińskiej

Focus on First Certificate / (Rekord nr 48412)

Szczegóły MARC
000 -ETYKIETA REKORDU
podpole kontrolne o stałej długości 00594nam a2200205 i 4500
001 - NUMER KONTROLNY REKORDU
pole kontrolne bgj
020 ## - MIĘDZYNARODOWY ZNORMALIZOWANY NUMER KSIĄŻKI - ISBN
ISBN 0175569975 (pbk)
040 ## - ŹRÓDŁO KATALOGOWANIA
Instytucja, która utworzyła rekord BPK
041 0# - KOD JĘZYKA
Kod języka tekstu eng
920 ## - Międzynarodowy znormalizowany numer książki – ISBN
ISBN 0-175-56997-5 (pbk)
008 - POLE O STAŁEJ DŁUGOŚCI - DANE KONTROLNE
podpole kontrolne o stałej długości s uk f |000 0 eng
100 1# - NAZWA OSOBOWA
Nazwa osobowa O'CONNELL, Sue
245 10 - TYTUŁ/ODPOWIEDZIALNOŚĆ
Tytuł Focus on First Certificate /
Pozostałe elementy strefy tytułu i oznaczenia odpowiedzialności Sue O'Connell.
250 ## - STREFA WYDANIA
Oznaczenie wydania [3rd ed.].
260 ## - STREFA ADRESU WYDAWNICZEGO
Miejsce wydania Harlow, England :
Nazwa wydawcy/dystrybutora Longman,
Data publikacji, dystrybucji/powstania dokumentu 1996.
300 ## - STREFA OPISU FIZYCZNEGO
Objętość 271 pp :
Inne cechy fizyczne ill., phot.(incl. colour) ;
Rozmiary 28 cm.
650 #9 - HASŁO PRZEDMIOTOWE W FORMIE NAZWY OGÓLNEJ LUB JEDNOSTKOWEJ
Nazwa ogólna lub geograficzna English language
Określnik ogólny First Certificate textbooks
650 #9 - HASŁO PRZEDMIOTOWE W FORMIE NAZWY OGÓLNEJ LUB JEDNOSTKOWEJ
Nazwa ogólna lub geograficzna English language
Określnik ogólny FCE textbooks
942 ## - DODATKOWE ELEMENTY (KOHA)
Typ dokumentu Książka
Egzemplarze
Wycofany Status egzemplarza Uszkodzony Dostępność Lokalizacja stała Lokalizacja bieżąca Miejsce przechowywania Sygnatura Kod kreskowy Ostatnio wypożyczono Typ dokumentu
      Dostępny Biblioteka Politechniki Koszalińskiej Biblioteka Politechniki Koszalińskiej Wypożyczalnia Językowa KA 5668 09056466 29.07.2025 Książka
© 2023 Biblioteka Politechniki Koszalińskiej :: KOHA